00223nam a2200097Ia 4500008004100000041000800041082001900049100002500068245002300093260000900116240625s9999 xx 000 0 und d aeng a330.015195 GUJ aGUJARATI DAMODARAN N aBASIC ECONOMETRICS c2007